000 01134cam a2200313 a 4500
001 17299930
003 OSt
005 20170105101207.0
008 120516s2012 pk a 001 0aeng
010 _a 2012431001
020 _a9780195474411
025 _aP-E-2012431001; 31
037 _bLibrary of Congress -- Islamabad Overseas Office
040 _aDLC
_cDLC
_dDLC
042 _alcode
_apcc
043 _aa-bg---
_aa-pk---
050 0 0 _aDS395.7.R35
_bA3 2012
100 1 _aRaja, Khadim Hussain,
_d1922-1999.
245 1 2 _aA stranger in my own country :
_bEast Pakistan, 1969-1971 /
_cKhadim Hussain Raja ; introd. by Muhammad Reza Kazimi.
260 _aKarachi :
_bOxford University Press,
_c2012.
300 _a131 p. :
_bill. ;
_c22 cm.
500 _aIncludes index.
651 0 _aBangladesh
_xHistory
_yRevolution, 1971
_xPersonal narratives.
651 0 _aPakistan
_xPolitics and government.
700 1 _aKāẓmī, Muḥammad Raz̤ā,
_d1945-
906 _a7
_bcbc
_corigode
_d3
_encip
_f20
_gy-gencatlg
942 _2ddc
_cBK
999 _c3036
_d3036